000 00553nam a2200193 a 4500
001 000021007
005 20200930011218.0
008 100828s1963 ck r 000 f spa d
040 _aDO-SdBNP
_bspa
_cBNPHU
082 _annnn
_bU12c
100 1 _aUbal, Eduardo D´,
_943964
245 1 0 _aCaminos que suben /
_cEduardo D´Ubal.
260 _aBogotá, Colombia :
_bPaulinas,
_c1963.
300 _a211, [4] p. ;
_c17 cm.
490 1 _aTrigo verde
_v16-N
490 1 _aNarrativa
_v16-N
830 0 _aTrigo verde.
_pNarrativa ;
_v16-N
_943965
049 _aBNGR
999 _c20510
_d20510